000 00639nam a2200241Ia 4500
003 OSt
005 20220918195354.0
006 a|||||r|||| 00| 0
007 ta
008 220917b |||||||| |||| 00| 0 eng d
024 _a84,780
037 _cTextual
040 _aARTS
_cARTS
_beng
041 _2eng
_aeng
082 _aSN1:121, M4
100 _aMason Stephen I
_990176
245 0 _aCatcholamines and behaviour
260 _aCambridge
_bCambridge University Press
_c1984
300 _axii, 464p
_ccm.
650 _aPSYCHOLOGY
942 _hSN1:121, M4
_cTEXL
_2CC
999 _c208494
_d208494